[Event "ETCC Open 2023"]
[Site "Budva"]
[Date "2023.11.17"]
[Round "6.71"]
[White "Egilstoft, Rogvi"]
[Black "Pecurica, Milos"]
[Result "0-1"]
[WhiteElo "2254"]
[BlackElo "2342"]
[Annotator "RC"]
[PlyCount "148"]
[EventDate "2023.11.10"]
[EventType "team-tourn"]
[EventCountry "MNE"]
[SourceTitle "playchess.com"]
[Source "ChessBase"]
[SourceQuality "1"]
[WhiteTeam "Faroe Islands"]
[BlackTeam "Montenegro"]
[WhiteTeamCountry "FAI"]
[BlackTeamCountry "MNE"]

1. e4 e5 2. Nf3 Nc6 3. Bb5 a6 4. Ba4 Nf6 5. Qe2 b5 6. Bb3 Bc5 7. c3 O-O 8. O-O d6 9. d3 h6 10. Be3 Bxe3 11. fxe3 d5 12. Nbd2 Be6 13. d4 Nxe4 14. Nxe4 dxe4 15. Bxe6 fxe6 16. Nd2 Qd5 17. Qg4 exd4 18. cxd4 Nxd4 19. Rad1 Nf5 20. Qxe4 Qxe4 21. Nxe4 Nxe3 22. Rxf8+ Rxf8 23. Re1 Nc2 24. Rc1 Nd4 25. Rd1 e5 26. g3 Rf3 27. Nc5 Re3 28. Kf1 a5 29. Rd2 Kf7 30. Kf2 Rf3+ 31. Kg2 Rf6 32. Nd7 Re6 33. Kf2 Nf5 34. Rd5 c6 35. Nxe5+ Kf6 36. Nd7+ Ke7 37. Rxf5 Kxd7 38. Rf7+ Re7 39. Rf8 a4 40. h4 Kd6 41. Kf3 Re1 42. Rd8+ Kc5 43. Rd2 b4 44. Kf4 g6 45. Rc2+ Kb5 46. Rd2 Ra1 47. b3 c5 48. bxa4+ Kxa4 49. Rc2 Kb5 50. Ke5 c4 51. Kf6 c3 52. Kxg6 Rxa2 53. Rxa2 b3 54. Ra8 Kc4 55. g4 c2 56. Rc8+ Kd3 57. Rd8+ Ke4 58. Rc8 b2 59. Rxc2 b1=Q 60. Rc8 Qb6+ 61. Kh5 Qb5+ 62. g5 Qe2+ 63. Kxh6 Qa6+ 64. g6 Qxc8 65. g7 Qe6+ 66. Kh7 Qf7 67. Kh6 Kf4 68. h5 Qg8 69. Kg6 Kg4 70. Kh6 Qe6+ 71. Kh7 Kxh5 72. g8=N Qf7+ 73. Kh8 Kg6 74. Nf6 Qg7# 0-1

[Event "ETCC Open 2023"]
[Site "Budva"]
[Date "2023.11.17"]
[Round "6.72"]
[White "Djurovic, Peko"]
[Black "Rodgaard, John"]
[Result "1-0"]
[WhiteElo "2344"]
[BlackElo "2281"]
[Annotator "RC"]
[PlyCount "67"]
[EventDate "2023.11.10"]
[EventType "team-tourn"]
[EventCountry "MNE"]
[SourceTitle "playchess.com"]
[Source "ChessBase"]
[SourceQuality "1"]
[WhiteTeam "Montenegro"]
[BlackTeam "Faroe Islands"]
[WhiteTeamCountry "MNE"]
[BlackTeamCountry "FAI"]

1. e4 e6 2. d4 d5 3. Nc3 Nf6 4. Bg5 Be7 5. e5 Nfd7 6. h4 c5 7. Bxe7 Kxe7 8. Nf3 Qb6 9. Qd2 cxd4 10. Nxd4 Nc6 11. Nxc6+ bxc6 12. O-O-O h5 13. Rh3 g6 14. Rf3 Rf8 15. Re1 Rb8 16. b3 Ba6 17. Na4 Qb7 18. c4 Qb4 19. cxd5 Bxf1 20. d6+ Ke8 21. Rxf1 Nxe5 22. Rc3 Rd8 23. Rd1 Qxh4 24. f4 Nd7 25. Rxc6 g5 26. fxg5 Rg8 27. Rc7 Rxg5 28. Qc3 Qf4+ 29. Rd2 Qf6 30. Kb2 e5 31. Ka3 Nb6 32. Nxb6 axb6 33. Rc8 Rxc8 34. d7+ 1-0

[Event "ETCC Open 2023"]
[Site "Budva"]
[Date "2023.11.17"]
[Round "6.73"]
[White "Muir, Andrew J"]
[Black "Keinanen, Toivo"]
[Result "0-1"]
[WhiteElo "2227"]
[BlackElo "2527"]
[Annotator "RC"]
[PlyCount "66"]
[EventDate "2023.11.10"]
[EventType "team-tourn"]
[EventCountry "MNE"]
[SourceTitle "playchess.com"]
[Source "ChessBase"]
[SourceQuality "1"]
[WhiteTeam "Scotland"]
[BlackTeam "Finland"]
[WhiteTeamCountry "SCO"]
[BlackTeamCountry "FIN"]

1. d4 d6 2. e4 Nf6 3. f3 e6 4. c4 d5 5. cxd5 exd5 6. e5 Nfd7 7. f4 c5 8. Nf3 Nc6 9. Be3 cxd4 10. Nxd4 Bb4+ 11. Nc3 O-O 12. Be2 Qh4+ 13. g3 Qh3 14. Bf1 Qh6 15. Qd2 Nxd4 16. Bxd4 Nc5 17. Bd3 Bg4 18. O-O Ne6 19. Qf2 Rac8 20. Nxd5 Nxd4 21. Nxb4 Rfd8 22. Be4 Rc4 23. Bxb7 Rxb4 24. Bg2 Rc4 25. Qe3 Ne2+ 26. Kh1 Rcd4 27. Rfe1 Rd3 28. Qf2 Nxg3+ 29. Kg1 Nf5 30. Qxa7 Nh4 31. Be4 Rd2 32. h3 Nf3+ 33. Bxf3 Bxf3 0-1

[Event "ETCC Open 2023"]
[Site "Budva"]
[Date "2023.11.17"]
[Round "6.74"]
[White "Sipila, Vilka"]
[Black "Morrison, Graham"]
[Result "1-0"]
[WhiteElo "2429"]
[BlackElo "2221"]
[Annotator "RC"]
[PlyCount "147"]
[EventDate "2023.11.10"]
[EventType "team-tourn"]
[EventCountry "MNE"]
[SourceTitle "playchess.com"]
[Source "ChessBase"]
[SourceQuality "1"]
[WhiteTeam "Finland"]
[BlackTeam "Scotland"]
[WhiteTeamCountry "FIN"]
[BlackTeamCountry "SCO"]

1. e4 c6 2. Ne2 d5 3. e5 d4 4. f4 c5 5. Ng3 Nh6 6. Be2 g6 7. O-O Bg7 8. d3 O-O 9. Bf3 Qc7 10. a4 Bd7 11. Nd2 f5 12. c3 Nc6 13. Qb3+ Kh8 14. Bd5 Rab8 15. Nf3 Na5 16. Qa2 dxc3 17. bxc3 c4 18. Bxc4 Nxc4 19. Qxc4 Qxc4 20. dxc4 Rfc8 21. Rd1 Be6 22. Ng5 Bxc4 23. Be3 Nf7 24. Nxf7+ Bxf7 25. Rd7 Be8 26. Rd3 b6 27. a5 Bb5 28. Rd5 Bc6 29. Rd2 Bf8 30. axb6 axb6 31. Rb2 b5 32. Bc5 Bd5 33. Bb4 Bc4 34. Nf1 e6 35. Bxf8 Rxf8 36. Ne3 Bd3 37. Ra6 Rfe8 38. Rd2 Be4 39. Rd7 Ra8 40. Rb6 Ra1+ 41. Kf2 Ra2+ 42. Kf1 Ra1+ 43. Ke2 Ra2+ 44. Rd2 Rxd2+ 45. Kxd2 Ra8 46. Rxe6 Ra2+ 47. Ke1 Ra1+ 48. Nd1 Bxg2 49. Kd2 Bf3 50. Nf2 Ra2+ 51. Ke3 Bd5 52. Rd6 Bc4 53. Rd2 Rxd2 54. Kxd2 Kg7 55. Ke3 Kf7 56. Nd3 Ke6 57. Nc5+ Ke7 58. Kd4 h6 59. Nb7 g5 60. Nd6 Ke6 61. Nxc4 bxc4 62. Kxc4 gxf4 63. Kd4 Kd7 64. Kd3 Ke6 65. Ke2 Kxe5 66. Kf3 Ke6 67. Kxf4 Kf6 68. c4 Ke6 69. c5 Kd5 70. Kxf5 Kxc5 71. Kg6 Kd5 72. Kxh6 Ke5 73. Kg6 Kf4 74. h4 1-0

[Event "ETCC Open 2023"]
[Site "Budva"]
[Date "2023.11.17"]
[Round "6.75"]
[White "Mitchell, Martin"]
[Black "Valkama, Eero"]
[Result "1/2-1/2"]
[WhiteElo "2186"]
[BlackElo "2310"]
[Annotator "RC"]
[PlyCount "60"]
[EventDate "2023.11.10"]
[EventType "team-tourn"]
[EventCountry "MNE"]
[SourceTitle "playchess.com"]
[Source "ChessBase"]
[SourceQuality "1"]
[WhiteTeam "Scotland"]
[BlackTeam "Finland"]
[WhiteTeamCountry "SCO"]
[BlackTeamCountry "FIN"]

1. d4 Nf6 2. Nf3 e6 3. Bf4 c5 4. e3 cxd4 5. exd4 Be7 6. Bd3 O-O 7. O-O b6 8. Nbd2 Bb7 9. c3 d6 10. Qe2 Nbd7 11. a4 a6 12. h3 Qc8 13. Rfe1 Re8 14. c4 Bf8 15. Bh2 a5 16. Rac1 Bc6 17. b3 Qb7 18. Ne4 Nxe4 19. Bxe4 d5 20. Bd3 dxc4 21. Bxc4 Nf6 22. Bb5 Rec8 23. Ne5 Bd5 24. Rxc8 Qxc8 25. Qe3 Qc2 26. Nc4 Bxc4 27. bxc4 Rc8 28. Ba6 Ra8 29. Bb5 Rc8 30. Ba6 Ra8 1/2-1/2

[Event "ETCC Open 2023"]
[Site "Budva"]
[Date "2023.11.17"]
[Round "6.76"]
[White "Wartiovaara, Oliver"]
[Black "Grant, Jonathan I M"]
[Result "1/2-1/2"]
[WhiteElo "2270"]
[BlackElo "2150"]
[Annotator "ChessBase"]
[PlyCount "97"]
[EventDate "2023.11.10"]
[EventType "team-tourn"]
[EventCountry "MNE"]
[SourceTitle "playchess.com"]
[Source "ChessBase"]
[SourceQuality "1"]
[WhiteTeam "Finland"]
[BlackTeam "Scotland"]
[WhiteTeamCountry "FIN"]
[BlackTeamCountry "SCO"]

1. d4 Nf6 2. c4 e6 3. g3 d5 4. Nf3 a6 5. Bg2 dxc4 6. O-O Nc6 7. e3 Bd7 8. Qe2 b5 9. b3 cxb3 10. axb3 Be7 11. Ba3 O-O 12. Rc1 Nd5 13. Nbd2 Bxa3 14. Rxa3 Qe7 15. Raa1 Rfb8 16. Ne4 a5 17. Nc5 Be8 18. e4 Nb6 19. e5 Nb4 20. h4 h6 21. g4 N4d5 22. g5 h5 23. g6 Nf4 24. gxf7+ Qxf7 25. Qe4 Qf5 26. Qxf5 exf5 27. Bf1 Nbd5 28. Kh2 Rb6 29. Nd3 Ra7 30. Rc5 c6 31. Ng5 Bd7 32. Kg3 Ne6 33. Nxe6 Bxe6 34. Rc2 Kf7 35. Nc5 Rb8 36. f4 Nb4 37. Rcc1 Rd8 38. Rd1 Bd5 39. Kf2 g6 40. Rd2 Rda8 41. Rb2 Na6 42. Rxa5 Nxc5 43. Rxa7+ Rxa7 44. dxc5 b4 45. Bc4 Ke6 46. Ke3 Ra1 47. Rg2 Bxc4 48. bxc4 Kf7 49. Rb2 1/2-1/2

[Event "ETCC Open 2023"]
[Site "Budva"]
[Date "2023.11.18"]
[Round "7.1"]
[White "Vitiugov, Nikita"]
[Black "Keymer, Vincent"]
[Result "1/2-1/2"]
[WhiteElo "2712"]
[BlackElo "2721"]
[Annotator "TA"]
[PlyCount "54"]
[EventDate "2023.11.10"]
[EventType "team-tourn"]
[EventCountry "MNE"]
[SourceTitle "playchess.com"]
[Source "ChessBase"]
[SourceQuality "1"]
[WhiteTeam "England"]
[BlackTeam "Germany"]
[WhiteTeamCountry "ENG"]
[BlackTeamCountry "GER"]

1. e4 e5 2. Nf3 Nc6 3. Bb5 a6 4. Ba4 Nf6 5. O-O Be7 6. d3 b5 7. Bb3 d6 8. c3 O-O 9. h3 Be6 10. Bxe6 fxe6 11. Be3 d5 12. Nbd2 h6 13. Qc2 Qe8 14. d4 exd4 15. cxd4 Nb4 16. Qb1 dxe4 17. Nxe4 Qg6 18. Nxf6+ Qxf6 19. Bd2 Nd5 20. Qe4 Bd6 21. Rfe1 Rfe8 22. Rac1 Qf5 23. Qe2 Rab8 24. Nh4 Qf6 25. Nf3 Qf5 26. Nh4 Qf6 27. Nf3 Qf5 1/2-1/2

[Event "ETCC Open 2023"]
[Site "Budva"]
[Date "2023.11.18"]
[Round "7.2"]
[White "Svane, Rasmus"]
[Black "Howell, David W L"]
[Result "*"]
[WhiteElo "2647"]
[BlackElo "2676"]
[Annotator "TA"]
[PlyCount "49"]
[EventDate "2023.11.10"]
[EventType "team-tourn"]
[EventCountry "MNE"]
[SourceTitle "playchess.com"]
[Source "ChessBase"]
[SourceQuality "1"]
[WhiteTeam "Germany"]
[BlackTeam "England"]
[WhiteTeamCountry "GER"]
[BlackTeamCountry "ENG"]

1. e4 e5 2. Nf3 Nc6 3. Bb5 Nf6 4. O-O Nxe4 5. Re1 Nd6 6. Nxe5 Be7 7. Bf1 Nf5 8. Nf3 d5 9. d4 O-O 10. Nc3 Bb4 11. h3 Ba5 12. a3 Nce7 13. b4 Bb6 14. a4 c6 15. a5 Bc7 16. Bd3 Ng6 17. Ne2 Qf6 18. Bg5 Qd6 19. c3 h6 20. Bd2 Bd7 21. g3 Qf6 22. Kg2 Rae8 23. Neg1 Nd6 24. Rxe8 Rxe8 25. Qc2 *

[Event "ETCC Open 2023"]
[Site "Budva"]
[Date "2023.11.18"]
[Round "7.3"]
[White "Adams, Michael"]
[Black "Bluebaum, Matthias"]
[Result "*"]
[WhiteElo "2670"]
[BlackElo "2670"]
[Annotator "TA"]
[PlyCount "57"]
[EventDate "2023.11.10"]
[EventType "team-tourn"]
[EventCountry "MNE"]
[SourceTitle "playchess.com"]
[Source "ChessBase"]
[SourceQuality "1"]
[WhiteTeam "England"]
[BlackTeam "Germany"]
[WhiteTeamCountry "ENG"]
[BlackTeamCountry "GER"]

1. e4 e6 2. d4 d5 3. exd5 exd5 4. Nf3 Nf6 5. Bd3 c5 6. dxc5 Bxc5 7. O-O O-O 8. Nc3 h6 9. h3 Nc6 10. Bf4 Re8 11. Re1 Rxe1+ 12. Qxe1 Nb4 13. Be5 Nxd3 14. cxd3 Be6 15. Rc1 Nd7 16. Bd4 Bf8 17. Ne2 Bd6 18. Qd2 Rc8 19. Rxc8 Qxc8 20. Nf4 Qc7 21. Be3 a6 22. Nd4 Nf8 23. Nh5 Qe7 24. Nf3 Kh7 25. Nf4 Qf6 26. Nxe6 Nxe6 27. Qe2 Qf5 28. Kf1 Bf4 29. Nd4 *

[Event "ETCC Open 2023"]
[Site "Budva"]
[Date "2023.11.18"]
[Round "7.4"]
[White "Donchenko, Alexander"]
[Black "McShane, Luke J"]
[Result "1/2-1/2"]
[WhiteElo "2664"]
[BlackElo "2626"]
[Annotator "TA"]
[PlyCount "103"]
[EventDate "2023.11.10"]
[EventType "team-tourn"]
[EventCountry "MNE"]
[SourceTitle "playchess.com"]
[Source "ChessBase"]
[SourceQuality "1"]
[WhiteTeam "Germany"]
[BlackTeam "England"]
[WhiteTeamCountry "GER"]
[BlackTeamCountry "ENG"]

1. d4 Nf6 2. c4 e6 3. Nf3 Bb4+ 4. Nbd2 b6 5. a3 Bxd2+ 6. Nxd2 c5 7. e4 O-O 8. Bd3 Nc6 9. e5 Ne8 10. Nf3 f6 11. exf6 Nxf6 12. Be3 cxd4 13. Nxd4 Nxd4 14. Bxd4 e5 15. Be3 Bb7 16. O-O d5 17. f3 Qe7 18. Qe2 h6 19. Rae1 Qf7 20. Bf2 Rae8 21. cxd5 Bxd5 22. Qc2 Qe6 23. Bg3 e4 24. fxe4 Nxe4 25. Rxf8+ Kxf8 26. Qa4 Qc6 27. Qb4+ Qc5+ 28. Qxc5+ bxc5 29. Bf4 c4 30. Bc2 Kf7 31. h4 g5 32. hxg5 hxg5 33. Bc1 a6 34. Rf1+ Ke6 35. Re1 Kf7 36. Rd1 Ke6 37. Be3 g4 38. Bd4 g3 39. Re1 Kd6 40. Be3 Rf8 41. Bh6 Rf6 42. Bg7 Re6 43. Re3 Rg6 44. Bc3 Rg4 45. Be1 Kc6 46. Kf1 Kc5 47. Bxe4 Bxe4 48. Bxg3 Kd4 49. Kf2 Bxg2 50. Be5+ Kd5 51. Rg3 Rxg3 52. Bxg3 1/2-1/2

[Event "ETCC Open 2023"]
[Site "Budva"]
[Date "2023.11.18"]
[Round "7.5"]
[White "Kadric, Denis"]
[Black "Dragnev, Valentin"]
[Result "1-0"]
[WhiteElo "2584"]
[BlackElo "2589"]
[Annotator "RC"]
[PlyCount "139"]
[EventDate "2023.11.10"]
[EventType "team-tourn"]
[EventCountry "MNE"]
[SourceTitle "playchess.com"]
[Source "ChessBase"]
[SourceQuality "1"]
[WhiteTeam "Montenegro"]
[BlackTeam "Austria"]
[WhiteTeamCountry "MNE"]
[BlackTeamCountry "AUT"]

1. e4 e5 2. Nf3 Nc6 3. Bc4 Bc5 4. O-O Nf6 5. d3 d6 6. c3 a6 7. Bb3 Ba7 8. Nbd2 Bd7 9. a4 h6 10. Re1 g5 11. Nf1 g4 12. N3d2 h5 13. Nc4 h4 14. Be3 Nh5 15. g3 Bxe3 16. Ncxe3 Qg5 17. Bd5 Nf6 18. b4 Nd8 19. d4 Qh5 20. dxe5 dxe5 21. Nf5 Bxf5 22. exf5 Qxf5 23. Ne3 Qh5 24. Nc4 Nd7 25. Qe2 Kf8 26. Rad1 Nf6 27. Nxe5 Kg7 28. c4 c6 29. Bg2 hxg3 30. hxg3 Ne6 31. Nxf7 Qxf7 32. Qxe6 Qxe6 33. Rxe6 Rhe8 34. Rxe8 Rxe8 35. Kf1 Kf7 36. a5 Re7 37. Rd8 Nd7 38. b5 Ne5 39. bxc6 bxc6 40. Ra8 Nxc4 41. Bxc6 Re5 42. Rxa6 Nxa5 43. Bd7 Nb3 44. Bxg4 Nd4 45. Rd6 Nb5 46. Rd3 Kf6 47. f4 Rc5 48. Kg2 Nc7 49. Bf3 Ne6 50. Be4 Rc4 51. Kf3 Nc5 52. Re3 Rd4 53. g4 Ne6 54. Rc3 Rb4 55. Ke3 Ra4 56. Rc6 Ke7 57. Rc3 Kf6 58. g5+ Ke7 59. Kf3 Ra1 60. Kg4 Rf1 61. Bf3 Rg1+ 62. Kf5 Nd4+ 63. Ke5 Ne6 64. Re3 Ng7 65. Ra3 Rb1 66. Ra7+ Kf8 67. f5 Rg1 68. Ra8+ Ke7 69. f6+ Kf7 70. Ra7+ 1-0

[Event "ETCC Open 2023"]
[Site "Budva"]
[Date "2023.11.18"]
[Round "7.6"]
[White "Horvath, Dominik"]
[Black "Djukic, Nikola"]
[Result "1-0"]
[WhiteElo "2549"]
[BlackElo "2518"]
[Annotator "RC"]
[PlyCount "103"]
[EventDate "2023.11.10"]
[EventType "team-tourn"]
[EventCountry "MNE"]
[SourceTitle "playchess.com"]
[Source "ChessBase"]
[SourceQuality "1"]
[WhiteTeam "Austria"]
[BlackTeam "Montenegro"]
[WhiteTeamCountry "AUT"]
[BlackTeamCountry "MNE"]

1. e4 c5 2. Nf3 Nc6 3. Bb5 e6 4. O-O Nge7 5. Re1 a6 6. Bf1 b6 7. c3 d5 8. d3 d4 9. e5 Nf5 10. Nbd2 Be7 11. Ne4 h5 12. g3 Bb7 13. Bh3 Kf8 14. c4 Qd7 15. Qb3 b5 16. Bg5 b4 17. Qd1 Qc7 18. Qd2 Bxg5 19. Nexg5 Nce7 20. Bg2 a5 21. a3 b3 22. Ne4 Ng6 23. h4 Rb8 24. a4 Bxe4 25. Rxe4 Rb4 26. Ra3 Nfe7 27. Ng5 Kg8 28. Qe2 Nc6 29. Bh3 Nd8 30. Ra1 Qc6 31. Rf1 Ne7 32. Rf4 Rh6 33. Bg2 Qc7 34. Be4 Nec6 35. Bxc6 Qxc6 36. g4 Rxa4 37. gxh5 Ra2 38. Kh2 Qc7 39. Rg1 f6 40. Qg4 fxg5 41. Qxg5 Rxb2 42. Rg3 Rh7 43. Rgf3 Rh6 44. Rf8+ Kh7 45. Rxd8 Rf6 46. Rxf6 Qxd8 47. Qg6+ Kg8 48. h6 Qe7 49. h7+ Kh8 50. Rf7 Qxh4+ 51. Kg2 Rxf2+ 52. Rxf2 1-0

[Event "ETCC Open 2023"]
[Site "Budva"]
[Date "2023.11.18"]
[Round "7.7"]
[White "Petrov, Nikita"]
[Black "Blohberger, Felix"]
[Result "1/2-1/2"]
[WhiteElo "2567"]
[BlackElo "2513"]
[Annotator "RC"]
[PlyCount "113"]
[EventDate "2023.11.10"]
[EventType "team-tourn"]
[EventCountry "MNE"]
[SourceTitle "playchess.com"]
[Source "ChessBase"]
[SourceQuality "1"]
[WhiteTeam "Montenegro"]
[BlackTeam "Austria"]
[WhiteTeamCountry "MNE"]
[BlackTeamCountry "AUT"]

1. e4 e5 2. Nf3 Nc6 3. Bb5 Nf6 4. d3 d6 5. O-O Bd7 6. c3 a6 7. Ba4 h6 8. Nbd2 b5 9. Bb3 Ne7 10. d4 Ng6 11. Re1 Be7 12. Nf1 O-O 13. Ng3 Re8 14. a4 c5 15. h3 Qc7 16. Be3 Bf8 17. Bc2 Rab8 18. d5 c4 19. Qd2 Rec8 20. Ra3 b4 21. cxb4 Qb7 22. Rb1 Qxb4 23. Qxb4 Rb7 24. Qb5 Rxb5 25. Bd2 Rb7 26. b4 cxb3 27. Bd3 Ra8 28. a5 Nf4 29. Bf1 b2 30. Ra2 Be7 31. Raxb2 Rxb2 32. Rxb2 Bd8 33. Ne1 h5 34. f3 h4 35. Ne2 Nxe2+ 36. Bxe2 Ne8 37. Nc2 f5 38. Bd3 fxe4 39. fxe4 Nf6 40. Na3 Be8 41. Bb4 Bg6 42. Bxd6 Bxe4 43. Bxe4 Nxe4 44. Bxe5 Bxa5 45. Rb7 Ra7 46. Rb8+ Kf7 47. Nc4 Bc7 48. Rh8 Bxe5 49. Nxe5+ Kf6 50. Nc6 Rd7 51. Rxh4 Nc3 52. Rf4+ Kg5 53. Rg4+ Kf6 54. Rf4+ Kg5 55. Rc4 Nxd5 56. Rc5 Kf6 57. Nb8 1/2-1/2

[Event "ETCC Open 2023"]
[Site "Budva"]
[Date "2023.11.18"]
[Round "7.8"]
[White "Baidetskyi, Valentin"]
[Black "Draskovic, Luka"]
[Result "*"]
[WhiteElo "2478"]
[BlackElo "2476"]
[Annotator "RC"]
[PlyCount "60"]
[EventDate "2023.11.10"]
[EventType "team-tourn"]
[EventCountry "MNE"]
[SourceTitle "playchess.com"]
[Source "ChessBase"]
[SourceQuality "1"]
[WhiteTeam "Austria"]
[BlackTeam "Montenegro"]
[WhiteTeamCountry "AUT"]
[BlackTeamCountry "MNE"]

1. e4 c5 2. Nf3 d6 3. d4 cxd4 4. Nxd4 Nf6 5. Nc3 Nc6 6. Bg5 Bd7 7. Nxc6 Bxc6 8. Bxf6 gxf6 9. Bb5 Bxb5 10. Nxb5 Qa5+ 11. Nc3 e6 12. O-O a6 13. a4 Rc8 14. Ra3 Be7 15. Rb3 Rc7 16. Qf3 Qe5 17. Rd1 Rg8 18. g3 Kf8 19. Kg2 Kg7 20. Ne2 Kh8 21. c3 Rd8 22. Rb4 Rdc8 23. Rbd4 Rc5 24. b4 R5c7 25. h4 a5 26. Qd3 Qh5 27. Rb1 Ra8 28. bxa5 Qxa5 29. Rb5 Qa6 30. Qe3 Qc6 *

[Event "ETCC Open 2023"]
[Site "Budva"]
[Date "2023.11.18"]
[Round "7.12"]
[White "Kaasen, Tor Fredrik"]
[Black "Rasmussen, Allan Stig"]
[Result "*"]
[WhiteElo "2471"]
[BlackElo "2507"]
[Annotator "RC"]
[PlyCount "52"]
[EventDate "2023.11.10"]
[EventType "team-tourn"]
[EventCountry "MNE"]
[SourceTitle "playchess.com"]
[Source "ChessBase"]
[SourceQuality "1"]
[WhiteTeam "Norway"]
[BlackTeam "Denmark"]
[WhiteTeamCountry "NOR"]
[BlackTeamCountry "DEN"]

1. Nf3 d5 2. g3 Nf6 3. Bg2 c5 4. O-O Nc6 5. d4 e6 6. c4 dxc4 7. dxc5 Qxd1 8. Rxd1 Bxc5 9. Nbd2 c3 10. bxc3 Bd7 11. Nb3 Be7 12. c4 O-O 13. Bb2 Rfd8 14. Nfd4 Rac8 15. Nb5 b6 16. Nd6 Rc7 17. Nb5 Rcc8 18. Nd6 Rc7 19. Ba3 Kf8 20. c5 Rb8 21. Nb5 Rcc8 22. Rac1 a6 23. Nd6 Bxd6 24. Rxd6 b5 25. Rcd1 Ke7 26. Nd4 Nd5 *

[Event "ETCC Open 2023"]
[Site "Budva"]
[Date "2023.11.18"]
[Round "7.13"]
[White "Rapport, Richard"]
[Black "Predke, Alexandr"]
[Result "1/2-1/2"]
[WhiteElo "2748"]
[BlackElo "2661"]
[Annotator "TA"]
[PlyCount "61"]
[EventDate "2023.11.10"]
[EventType "team-tourn"]
[EventCountry "MNE"]
[SourceTitle "playchess.com"]
[Source "ChessBase"]
[SourceQuality "1"]
[WhiteTeam "Romania"]
[BlackTeam "Serbia"]
[WhiteTeamCountry "ROU"]
[BlackTeamCountry "SRB"]

1. g3 c5 2. Bg2 Nc6 3. c4 g6 4. Nc3 Bg7 5. Nf3 e6 6. d4 cxd4 7. Nb5 d5 8. cxd5 exd5 9. O-O Nf6 10. Nbxd4 O-O 11. b3 Nxd4 12. Nxd4 Ne4 13. Bb2 Bd7 14. e3 h5 15. Qe2 h4 16. Rac1 hxg3 17. hxg3 Qa5 18. Rfd1 Rac8 19. a3 Qb6 20. b4 Rfe8 21. Rxc8 Rxc8 22. Rc1 Rxc1+ 23. Bxc1 Bxd4 24. exd4 Qe6 25. Qe3 Bc6 26. Qf4 a6 27. Be3 g5 28. Qb8+ Qe8 29. Qxe8+ Bxe8 30. Bxe4 dxe4 31. Bxg5 1/2-1/2

[Event "ETCC Open 2023"]
[Site "Budva"]
[Date "2023.11.18"]
[Round "7.14"]
[White "Sarana, Alexey"]
[Black "Deac, Bogdan-Daniel"]
[Result "1-0"]
[WhiteElo "2669"]
[BlackElo "2700"]
[Annotator "TA"]
[PlyCount "109"]
[EventDate "2023.11.10"]
[EventType "team-tourn"]
[EventCountry "MNE"]
[SourceTitle "playchess.com"]
[Source "ChessBase"]
[SourceQuality "1"]
[WhiteTeam "Serbia"]
[BlackTeam "Romania"]
[WhiteTeamCountry "SRB"]
[BlackTeamCountry "ROU"]

1. d4 Nf6 2. c4 e6 3. Nc3 Bb4 4. e3 O-O 5. Bd3 d5 6. Nf3 c5 7. O-O dxc4 8. Bxc4 cxd4 9. exd4 b6 10. Qe2 Bb7 11. Rd1 Nbd7 12. d5 exd5 13. Nxd5 Re8 14. Qc2 Bxd5 15. Bxd5 Nxd5 16. Rxd5 Qe7 17. Bg5 f6 18. Rad1 Nf8 19. Be3 Qf7 20. h4 Be7 21. Qa4 Red8 22. Rxd8 Rxd8 23. Rxd8 Bxd8 24. Nd4 a5 25. b3 h6 26. Qc6 Qd7 27. Qc4+ Kh8 28. g3 Bc7 29. h5 Be5 30. Nf3 Bc7 31. Nh4 b5 32. Qc5 Ne6 33. Qf5 Kg8 34. Qg4 Kf8 35. Nf5 Ke8 36. Kg2 Qd5+ 37. Qf3 Qd7 38. Qe4 Kf7 39. Qg4 Ke8 40. Qf3 Bd8 41. Bf4 Be7 42. Qe4 Kf7 43. Nxh6+ Kf8 44. Nf5 Bc5 45. Bc1 Nd4 46. Be3 Nxf5 47. Bxc5+ Kg8 48. a4 bxa4 49. bxa4 Nh6 50. Be3 Ng4 51. Bf4 f5 52. Qa8+ Kh7 53. Qxa5 Qc6+ 54. f3 Nh6 55. Bxh6 1-0

[Event "ETCC Open 2023"]
[Site "Budva"]
[Date "2023.11.18"]
[Round "7.15"]
[White "Shevchenko, Kirill"]
[Black "Indjic, Aleksandar"]
[Result "1/2-1/2"]
[WhiteElo "2665"]
[BlackElo "2601"]
[Annotator "TA"]
[PlyCount "60"]
[EventDate "2023.11.10"]
[EventType "team-tourn"]
[EventCountry "MNE"]
[SourceTitle "playchess.com"]
[Source "ChessBase"]
[SourceQuality "1"]
[WhiteTeam "Romania"]
[BlackTeam "Serbia"]
[WhiteTeamCountry "ROU"]
[BlackTeamCountry "SRB"]

1. e4 e5 2. Nf3 Nf6 3. Nxe5 d6 4. Nf3 Nxe4 5. d4 d5 6. Bd3 Be7 7. O-O Nc6 8. Nbd2 Nd6 9. c3 Bf5 10. Bc2 O-O 11. Bb3 Be6 12. Re1 Re8 13. Nf1 Ne4 14. Ng3 Nxg3 15. hxg3 Qd7 16. Bf4 Rac8 17. Bc2 g6 18. Bd3 f6 19. Qb3 Nd8 20. Re2 c6 21. Rae1 Bf7 22. Nh2 Bf8 23. Ng4 Qxg4 24. Rxe8 Bxe8 25. Rxe8 Qd7 26. Re2 Ne6 27. Qc2 Re8 28. Qd2 Kf7 29. Qe1 Nxf4 30. gxf4 Rxe2 1/2-1/2

[Event "ETCC Open 2023"]
[Site "Budva"]
[Date "2023.11.18"]
[Round "7.16"]
[White "Ivic, Velimir"]
[Black "Lupulescu, Constantin"]
[Result "*"]
[WhiteElo "2557"]
[BlackElo "2582"]
[Annotator "RC"]
[PlyCount "59"]
[EventDate "2023.11.10"]
[EventType "team-tourn"]
[EventCountry "MNE"]
[SourceTitle "playchess.com"]
[Source "ChessBase"]
[SourceQuality "1"]
[WhiteTeam "Serbia"]
[BlackTeam "Romania"]
[WhiteTeamCountry "SRB"]
[BlackTeamCountry "ROU"]

1. e4 c5 2. Nf3 Nc6 3. Bb5 e6 4. O-O Nge7 5. d4 cxd4 6. Nxd4 Qb6 7. Nxc6 bxc6 8. Be2 Ng6 9. c4 Be7 10. Nc3 O-O 11. Rb1 Qc7 12. f4 Bb7 13. Kh1 Rad8 14. Be3 d5 15. cxd5 cxd5 16. exd5 Bc5 17. Bxc5 Qxc5 18. Rc1 Qa5 19. f5 exf5 20. Bc4 Ne5 21. Bb3 g6 22. Qd4 Rfe8 23. h3 Qb6 24. Rfd1 Nd7 25. Qxb6 Nxb6 26. Rd4 Re7 27. Kg1 Red7 28. Rcd1 Kf8 29. g4 fxg4 30. hxg4 *

[Event "ETCC Open 2023"]
[Site "Budva"]
[Date "2023.11.18"]
[Round "7.17"]
[White "Erdos, Viktor"]
[Black "Sargissian, Gabriel"]
[Result "*"]
[WhiteElo "2557"]
[BlackElo "2686"]
[Annotator "TA"]
[PlyCount "61"]
[EventDate "2023.11.10"]
[EventType "team-tourn"]
[EventCountry "MNE"]
[SourceTitle "playchess.com"]
[Source "ChessBase"]
[SourceQuality "1"]
[WhiteTeam "Hungary"]
[BlackTeam "Armenia"]
[WhiteTeamCountry "HUN"]
[BlackTeamCountry "ARM"]

1. d4 d5 2. c4 e6 3. Nf3 Nf6 4. Nc3 Be7 5. Bg5 h6 6. Bxf6 Bxf6 7. e3 O-O 8. Rc1 c6 9. Bd3 Nd7 10. O-O dxc4 11. Bxc4 c5 12. Ne4 cxd4 13. Nxf6+ Nxf6 14. Qxd4 Qxd4 15. Nxd4 Bd7 16. Be2 Rac8 17. Rfd1 Rfd8 18. f4 g5 19. g3 Ba4 20. b3 Be8 21. Bf3 b6 22. Kf2 a5 23. Ke2 Rc5 24. Rxc5 bxc5 25. Nc2 Nd5 26. Kf2 Rd7 27. Na3 Nb6 28. Rxd7 Bxd7 29. Nb1 Kg7 30. Nc3 f5 31. e4 *